|
|
|
|
| LEADER |
01469nam a2200433 a 4500 |
| 001 |
000299611 |
| 003 |
CZ BrMZK |
| 005 |
20190627115018.0 |
| 007 |
ta |
| 008 |
980115s1998 xr e f cze d |
| 015 |
|
|
|a cnb000309632
|
| 020 |
|
|
|a 80-7033-491-6
|
| 035 |
|
|
|a (OCoLC)40693429
|
| 040 |
|
|
|a BOA001
|b cze
|
| 043 |
|
|
|a e-xr---
|
| 080 |
|
|
|a 7.025.21
|2 MRF
|
| 080 |
|
|
|a 728.81
|2 MRF
|
| 080 |
|
|
|a 728.81:624.12
|2 MRF
|
| 080 |
|
|
|a (437.3)
|2 MRF
|
| 080 |
|
|
|a (036)913
|2 MRF
|
| 100 |
1 |
|
|a Nováková, Marcela,
|d 1950-
|7 jn20010309785
|4 aut
|
| 245 |
1 |
0 |
|a Zříceniny hradů výšinných, skalních, vodních /
|c [Marcela Nováková, Zdeněk Novák]
|
| 250 |
|
|
|a 1. vyd.
|
| 260 |
|
|
|a Praha :
|b Olympia,
|c 1998
|
| 300 |
|
|
|a 163 s. :
|b barev. il., mapy ;
|c 21 cm
|
| 490 |
1 |
|
|a Navštivte--
|
| 500 |
|
|
|a Bibliogr.
|
| 650 |
0 |
7 |
|a zříceniny
|7 ph127767
|z Česko
|2 czenas
|
| 650 |
0 |
7 |
|a hrady
|7 ph120854
|z Česko
|2 czenas
|
| 650 |
0 |
7 |
|a skalní hrady
|7 ph250055
|z Česko
|2 czenas
|
| 655 |
|
7 |
|a turistické průvodce
|7 fd133738
|2 czenas
|
| 700 |
1 |
|
|a Novák, Zdeněk,
|d 1958-
|7 jo2002106746
|4 aut
|
| 830 |
|
0 |
|a Navštivte--
|0 s
|
| 910 |
|
|
|a BOA001
|b 2-1044.566
|b TK-0262.865
|b PK-0129.746
|
| 920 |
|
|
|a 000305767
|
| 920 |
|
|
|a 000294045
|
| 990 |
|
|
|a BK
|
| 996 |
6 |
|
|b 2610903227
|c 2-1044.566
|l MZK
|r Sklad / do 1 hodiny
|n 0
|p dar
|w 000299611
|u 000040
|a 1
|e BOA001
|j MZK50
|s P
|
| 996 |
7 |
|
|b 3119012091
|c PK-0129.746
|l MZK
|r Sklad / do 1 hodiny
|n 6
|p kup
|w 000299611
|u 000030
|a 1
|e BOA001
|j MZK50
|s A
|